| 000 | 01501nam a2200301 a 4500 | ||
|---|---|---|---|
| 001 | 000026541 | ||
| 005 | 20240417195416.0 | ||
| 008 | 110322s1999 dr 001 0 spa d | ||
| 020 | _z9993422089 | ||
| 040 |
_aDO-SdBNP _bspa _cBNPHU |
||
| 082 |
_a342.729303 _bT147d |
||
| 111 | 2 |
_aTaller sobre Los Derechos Humanos y Deberes en la Reforma Constitucional. _d(1998 : _cSanto Domingo) _953640 |
|
| 245 | 1 | 0 | _aDerechos humanos y deberes en la reforma constitucional. |
| 260 |
_aSanto Domingo : _bComisión Presidencial para la Reforma y Modernización del Estado _bPNUD, _c1999. |
||
| 300 |
_a106 p. ; _c21 cm. |
||
| 490 | 1 | _aEstudios constitucionales | |
| 490 | 1 | _aTalleres | |
| 590 | _aInventariado, 2018/VM | ||
| 500 | _aIncluye los trabajos presentados durante las sesiones periódicas del "Taller sobre los derechos humanos y deberes en la reforma constitucional", realizados del 4 de agosto hasta el 24 de noviembre de 1998 en la UNPHU, Santo Domingo. | ||
| 650 | 4 |
_aReformas constitucionales _zRepública Dominicana _vCONGRESOS, CONFERENCIAS, ETC. _916556 |
|
| 650 | 4 |
_aDerechos humanos _zRepública Dominicana _vCONGRESOS, CONFERENCIAS, ETC. _953641 |
|
| 650 | 0 |
_aDerecho civil _95702 |
|
| 710 | 2 |
_aPrograma de Naciones Unidas para el Desarrollo _953642 |
|
| 710 | 1 |
_aRepública Dominicana. _bComisión Presidencial para la Reforma y Modernización del Estado. _97089 |
|
| 830 | 0 |
_aEstudios constitucionales _953643 |
|
| 830 | 0 |
_aTalleres _953644 |
|
| 910 | _aValidado. Control de calidad EMS | ||
| 999 |
_c26033 _d26033 |
||